North Dakota County Seats - Statistics

General Stats
  • This quiz has been taken 151 times
  • The average score is 37 of 53
Answer Stats
County County Seat % Correct
Burleigh Bismarck
95%
Bottineau Bottineau
95%
Cass Fargo
95%
Grand Forks Grand Forks
92%
Bowman Bowman
89%
Adams Hettinger
86%
Morton Mandan
86%
Ward Minot
86%
Stark Dickinson
84%
Stutsman Jamestown
84%
Barnes Valley City
84%
Williams Williston
84%
Ramsey Devils Lake
78%
Rolette Rolla
78%
Richland Wahpeton
78%
Traill Hillsboro
76%
LaMoure LaMoure
76%
Walsh Grafton
73%
McKenzie Watford City
73%
Pembina Cavalier
70%
Cavalier Langdon
70%
Billings Medora
70%
Kidder Steele
70%
McHenry Towner
70%
Golden Valley Beach
68%
Griggs Cooperstown
68%
Sioux Fort Yates
68%
Pierce Rugby
68%
McLean Washburn
68%
Slope Amidon
65%
Foster Carrington
65%
Divide Crosby
65%
Mountrail Stanley
65%
Burke Bowbells
62%
Oliver Center
62%
Dickey Ellendale
62%
Emmons Linton
62%
Dunn Manning
59%
Benson Minnewaukan
59%
Towner Cando
57%
Wells Fessenden
57%
Steele Finley
57%
Sargent Forman
57%
Nelson Lakota
57%
Ransom Lisbon
57%
Sheridan McClusky
57%
Eddy New Rockford
57%
McIntosh Ashley
54%
Hettinger Mott
54%
Logan Napoleon
51%
Mercer Stanton
51%
Renville Mohall
49%
Grant Carson
43%
No matching quizzes found
Score Distribution
Percent of People with Each Score
Percentile by Number Answered
Your Score History
You have not taken this quiz